<?xml version="1.0" encoding="UTF-8"?><?xml-stylesheet type="text/xsl" href="static/style.xsl"?><OAI-PMH xmlns="http://www.openarchives.org/OAI/2.0/" xmlns:xsi="http://www.w3.org/2001/XMLSchema-instance" xsi:schemaLocation="http://www.openarchives.org/OAI/2.0/ http://www.openarchives.org/OAI/2.0/OAI-PMH.xsd"><responseDate>2026-06-05T14:45:46Z</responseDate><request verb="GetRecord" identifier="oai:riuma.uma.es:10630/35764" metadataPrefix="marc">https://riuma.uma.es/rest/oai/request</request><GetRecord><record><header><identifier>oai:riuma.uma.es:10630/35764</identifier><datestamp>2026-02-03T11:07:29Z</datestamp><setSpec>com_10630_2254</setSpec><setSpec>col_10630_37953</setSpec></header><metadata><record xmlns="http://www.loc.gov/MARC21/slim" xmlns:dcterms="http://purl.org/dc/terms/" xmlns:doc="http://www.lyncode.com/xoai" xmlns:xsi="http://www.w3.org/2001/XMLSchema-instance" xsi:schemaLocation="http://www.loc.gov/MARC21/slim http://www.loc.gov/standards/marcxml/schema/MARC21slim.xsd">
   <leader>00925njm 22002777a 4500</leader>
   <datafield ind2=" " ind1=" " tag="042">
      <subfield code="a">dc</subfield>
   </datafield>
   <datafield ind2=" " ind1=" " tag="720">
      <subfield code="a">Falgueras-Cano, Juan</subfield>
      <subfield code="e">author</subfield>
   </datafield>
   <datafield ind2=" " ind1=" " tag="720">
      <subfield code="a">Carrillo-León, Antonio Luis</subfield>
      <subfield code="e">author</subfield>
   </datafield>
   <datafield ind2=" " ind1=" " tag="720">
      <subfield code="a">Dianes, Daniel</subfield>
      <subfield code="e">author</subfield>
   </datafield>
   <datafield ind2=" " ind1=" " tag="720">
      <subfield code="a">Guevara-Plaza, Antonio</subfield>
      <subfield code="e">author</subfield>
   </datafield>
   <datafield ind2=" " ind1=" " tag="260">
      <subfield code="c">2008</subfield>
   </datafield>
   <datafield ind2=" " ind1=" " tag="520">
      <subfield code="a">Many Web sites are for one use only and need to guide users through paths of decisions and data&#xd;
entering. Users use to feel insecure entering data in not well-known sites and don’t mind at all&#xd;
being guided in their first try. Goals Driven User Interfaces (GDUI) are based on an interaction&#xd;
style specially conceived for this type of users (occasional users). The traditional method that still&#xd;
prevails in the field of Web design makes it difficult to create neither usable user interfaces nor&#xd;
GDUI. Modern paradigm of Web use through Web 2.0 applications encourages the development&#xd;
of this interaction style as can be seen in this paper.</subfield>
   </datafield>
   <datafield ind1="8" ind2=" " tag="024">
      <subfield code="a">Falgueras, J. ; Carrillo, A. ; Dianes, D. and Guevara, A. (2008). A GUIDED INTERFACE FOR WEB INTERACTION. In Proceedings of the Tenth International Conference on Enterprise Information Systems - Volume 3: ICEIS; ISBN 978-989-8111-40-1; ISSN 2184-4992, SciTePress, pages 70-77. DOI: 10.5220/0001706700700077</subfield>
   </datafield>
   <datafield ind1="8" ind2=" " tag="024">
      <subfield code="a">https://hdl.handle.net/10630/35764</subfield>
   </datafield>
   <datafield ind1="8" ind2=" " tag="024">
      <subfield code="a">10.5220/0001706700700077</subfield>
   </datafield>
   <datafield tag="653" ind2=" " ind1=" ">
      <subfield code="a">Aplicaciones informáticas</subfield>
   </datafield>
   <datafield tag="653" ind2=" " ind1=" ">
      <subfield code="a">Interacción hombre-ordenador</subfield>
   </datafield>
   <datafield ind2="0" ind1="0" tag="245">
      <subfield code="a">A guided interface for web interaction.</subfield>
   </datafield>
</record>
</metadata></record></GetRecord></OAI-PMH>